Normal view MARC view

Entry Personal Name

Number of records used in: 1

001 - CONTROL NUMBER

  • control field: 6780

003 - CONTROL NUMBER IDENTIFIER

  • control field: OSt

005 - DATE AND TIME OF LATEST TRANSACTION

  • control field: 20160211134705.0

008 - FIXED-LENGTH DATA ELEMENTS

  • fixed length control field: 160211|| aca||aabn | a|a d

040 ## - CATALOGING SOURCE

  • Original cataloging agency: OSt
  • Transcribing agency: OSt

100 ## - HEADING--PERSONAL NAME

  • Personal name: Locker,O.Kitty;Kienzler,Donna,S.;

670 ## - SOURCE DATA FOUND

  • Source citation: Work cat.: (OSt): Locker,O.Kitty;Kienzler,Donna,S.;, Business and Administrative Communication,, 2008.